| 000 | 01387na a2200397 4500 | ||
|---|---|---|---|
| 001 | 20079 | ||
| 003 | MIRAKIL | ||
| 005 | 20181213155231.0 | ||
| 008 | 170103b tu 000 0 | ||
| 035 | _a20079 | ||
| 040 |
_aMilas _btur _cTR-AnCHP |
||
| 041 | _atur | ||
| 082 |
_aCHP 324.2372 _bC36p 1931 |
||
| 090 | _aBROŞÜR 388 | ||
| 110 | _aCumhuriyet Halk Partisi (CHP) | ||
| 222 | _aProgramlar | ||
| 245 |
_a1931 Fırka Büyük Kongresine takdim edilmek üzere hazırlanan Cümhuriyet Halk Fırkası program projesi. _cCHF |
||
| 246 | _aCumhuriyet Halk Partisi 1931 program projesi | ||
| 246 | _aCumhuriyet Halk Partisi 1931 programı | ||
| 246 | _aCumhuriyet Halk Partisi programı | ||
| 246 | _aCHP programı | ||
| 260 |
_aAnkara _bCHP _c1931 _fHakimiyeti Milliye Matbaası |
||
| 300 |
_a13 s. _c24 sm. |
||
| 440 | _aCumhuriyet Halk Partisi yayınları | ||
| 500 | _aFotokopidir. Kütüphaneciden çevrimdışı versiyonu sağlanabilir. | ||
| 610 |
_aCumhuriyet Halk Partisi (CHP) _xKurultaylar, 1931 |
||
| 610 |
_aCumhuriyet Halk Partisi (CHP) _xProgramlar, 1931 |
||
| 651 |
_aTürkiye _xSiyaset ve yönetim _y1931-1935 |
||
| 657 | _aCHP 3. kurultay | ||
| 657 | _aCHP 1931 programı | ||
| 657 | _aCHP programları | ||
| 740 | _aCumhuriyet Halk Partisi 1931 program projesi | ||
| 830 | _aCHP programları | ||
| 942 |
_2ddc _cBKS |
||
| 999 |
_c8985 _d8985 |
||